[Event "Tradewise Gibraltar Masters 14th"]
[Site "Gibraltar"]
[Date "2016.02.01"]
[Round "7.26"]
[White "Stark, Lars"]
[Black "Muzychuk, Mariya"]
[Result "0-1"]
[WhiteElo "2440"]
[BlackElo "2554"]
[PlyCount "88"]
[EventDate "2016.01.26"]
[EventType "swiss"]
[EventRounds "10"]
[EventCountry "GGB"]
[Source "www.saund.co.uk"]
[SourceDate "2005.02.07"]

1. c4 c5 2. g3 g6 3. Bg2 Bg7 4. Nc3 Nc6 5. a3 e6 6. Nh3 Nge7 7. Nf4 O-O 8. Rb1
Re8 9. O-O d5 10. d3 dxc4 11. dxc4 Bxc3 12. bxc3 b6 13. Nd3 f6 14. Qa4 Qc7 15.
f4 Bd7 16. Qc2 Rad8 17. g4 Na5 18. Nb2 Bc6 19. e4 Qb7 20. Re1 Nc8 21. e5 f5 22.
h3 Rd7 23. Bxc6 Qxc6 24. Qg2 Ne7 25. Qxc6 Nexc6 26. Be3 Red8 27. Kf2 Nb3 28.
gxf5 gxf5 29. Rbd1 Rxd1 30. Rxd1 Rxd1 31. Nxd1 Nca5 32. Nb2 Na1 33. Ke2 Nc2 34.
Bf2 Nxa3 35. Kd3 Kf7 36. Bh4 Ke8 37. Bg5 Kd7 38. Bf6 Kc6 39. Bg5 b5 40. cxb5+
Kxb5 41. Be7 N5c4 42. Nd1 a5 43. Bd8 a4 44. Bc7 Nb1 0-1

[Event "Tradewise Gibraltar Masters 14th"]
[Site "Gibraltar"]
[Date "2016.02.01"]
[Round "7.27"]
[White "Lalith, Babu M R"]
[Black "Gulamali, Kazim"]
[Result "1-0"]
[WhiteElo "2553"]
[BlackElo "2379"]
[PlyCount "79"]
[EventDate "2016.01.26"]
[EventType "swiss"]
[EventRounds "10"]
[EventCountry "GGB"]
[Source "www.saund.co.uk"]
[SourceDate "2005.02.07"]

1. d4 Nf6 2. c4 e6 3. Nf3 c5 4. Nc3 cxd4 5. Nxd4 Nc6 6. Bf4 d6 7. Nxc6 bxc6 8.
g3 Be7 9. Bg2 d5 10. O-O O-O 11. Qc2 Ba6 12. b3 Bd6 13. Bc1 Rc8 14. Rd1 Qe7 15.
Bb2 Rfd8 16. Rab1 Be5 17. Re1 Nd7 18. Na4 Bd6 19. Red1 Bb4 20. Qc1 Nf6 21. Qf4
Bd6 22. Qh4 e5 23. e3 Rb8 24. Bf1 Bc8 25. Be2 Bf5 26. Rbc1 d4 27. c5 Bc7 28.
exd4 e4 29. Qg5 Bg6 30. d5 cxd5 31. c6 h6 32. Qe3 d4 33. Bxd4 Nd5 34. Qd2 h5
35. Nc5 Nf4 36. Nd7 e3 37. Bxe3 Nh3+ 38. Kg2 Be4+ 39. f3 Bf5 40. Bd3 1-0

[Event "Tradewise Gibraltar Masters 14th"]
[Site "Gibraltar"]
[Date "2016.02.01"]
[Round "7.28"]
[White "Handke, Florian"]
[Black "Kavutskiy, Konstantin"]
[Result "1/2-1/2"]
[WhiteElo "2533"]
[BlackElo "2360"]
[PlyCount "83"]
[EventDate "2016.01.26"]
[EventType "swiss"]
[EventRounds "10"]
[EventCountry "GGB"]
[Source "www.saund.co.uk"]
[SourceDate "2005.02.07"]

1. d4 Nf6 2. Bf4 g6 3. e3 Bg7 4. h3 d6 5. Nf3 O-O 6. Be2 c5 7. O-O b6 8. c3 Bb7
9. Nbd2 Nbd7 10. Bh2 Ne4 11. Nxe4 Bxe4 12. d5 Bxf3 13. Bxf3 b5 14. Qd2 c4 15.
Bd1 Nc5 16. Bc2 Qb6 17. e4 Rab8 18. a3 a5 19. Qe2 Nd7 20. Bf4 Qc7 21. Be3 b4
22. axb4 axb4 23. Ra7 Rb7 24. Rxb7 Qxb7 25. Qxc4 bxc3 26. b4 Ne5 27. Qb3 Qb5
28. Rb1 Rb8 29. Kh1 Nd7 30. f3 Ne5 31. Ba7 Rc8 32. Bg1 h5 33. Ra1 Qe2 34. b5
Nxf3 35. Bd1 Qb2 36. Ra2 Qxb3 37. Bxb3 Nxg1 38. Kxg1 Rc5 39. Ba4 c2 40. Rxc2
Rxc2 41. Bxc2 Bd4+ 42. Kf1 1/2-1/2

[Event "Tradewise Gibraltar Masters 14th"]
[Site "Gibraltar"]
[Date "2016.02.01"]
[Round "7.29"]
[White "Vojinovic, Jovana"]
[Black "Libiszewski, Fabien"]
[Result "0-1"]
[WhiteElo "2352"]
[BlackElo "2515"]
[PlyCount "73"]
[EventDate "2016.01.26"]
[EventType "swiss"]
[EventRounds "10"]
[EventCountry "GGB"]
[Source "www.saund.co.uk"]
[SourceDate "2005.02.07"]

1. d4 Nf6 2. c4 g6 3. Nc3 Bg7 4. e4 d6 5. Nge2 Nbd7 6. f3 a6 7. Be3 c6 8. c5 b5
9. cxb6 Nxb6 10. Ng3 O-O 11. Be2 Nfd7 12. f4 c5 13. dxc5 Nxc5 14. e5 Bb7 15.
O-O Rc8 16. Bg4 Nc4 17. Bf2 Nxb2 18. Qe2 Ncd3 19. Bxc8 Qxc8 20. Be1 dxe5 21. f5
Nxe1 22. Qxe1 Nd3 23. Qd2 e4 24. Ncxe4 Bxa1 25. Qxd3 Bg7 26. h4 Qc6 27. Qe2 Rd8
28. Ng5 Qd6 29. fxg6 hxg6 30. Rxf7 Bd4+ 31. Kh2 Be5 32. Qg4 Bf6 33. Rxf6 Qxf6
34. h5 Rd4 35. N3e4 Qe5+ 36. g3 Rxe4 37. Nxe4 0-1

[Event "Tradewise Gibraltar Masters 14th"]
[Site "Gibraltar"]
[Date "2016.02.01"]
[Round "7.30"]
[White "Padmini, Rout"]
[Black "Al-Sayed, Mohammed"]
[Result "1-0"]
[WhiteElo "2427"]
[BlackElo "2530"]
[PlyCount "69"]
[EventDate "2016.01.26"]
[EventType "swiss"]
[EventRounds "10"]
[EventCountry "GGB"]
[Source "www.saund.co.uk"]
[SourceDate "2005.02.07"]

1. e4 e5 2. Nf3 Nc6 3. Bc4 Bc5 4. O-O Nf6 5. d3 d6 6. c3 a6 7. Bb3 Ba7 8. Be3
O-O 9. Nbd2 h6 10. Re1 Nh5 11. Bxa7 Rxa7 12. Nxe5 Nxe5 13. d4 Ng4 14. h3 Ngf6
15. Qf3 g6 16. g4 Ng7 17. Rad1 h5 18. e5 Nxg4 19. hxg4 Bxg4 20. Qf4 Bxd1 21.
Ne4 Nf5 22. Nf6+ Kg7 23. Rxd1 Rh8 24. Qg5 Ra8 25. Re1 Qe7 26. Bc2 Nh6 27. Nxh5+
Kf8 28. Nf6 Ng8 29. Re3 dxe5 30. dxe5 Nxf6 31. exf6 Qd6 32. Re7 Rh7 33. Bb3 Re8
34. Rxf7+ Rxf7 35. Qh6+ 1-0

[Event "Tradewise Gibraltar Masters 14th"]
[Site "Gibraltar"]
[Date "2016.02.01"]
[Round "7.31"]
[White "Howell, David"]
[Black "Santos Ruiz, Miguel"]
[Result "1-0"]
[WhiteElo "2685"]
[BlackElo "2427"]
[PlyCount "149"]
[EventDate "2016.01.26"]
[EventType "swiss"]
[EventRounds "10"]
[EventCountry "GGB"]
[Source "www.saund.co.uk"]
[SourceDate "2005.02.07"]

1. g3 f5 2. Bg2 Nf6 3. c4 g6 4. Nc3 Bg7 5. d3 O-O 6. e4 fxe4 7. dxe4 d6 8. Nge2
c5 9. O-O Nc6 10. h3 Ne8 11. Rb1 Nc7 12. f4 Ne6 13. Kh2 Bd7 14. a3 a5 15. a4
Ned4 16. Nxd4 Nxd4 17. g4 e6 18. Be3 Bc6 19. Qd3 Qe7 20. Rf2 e5 21. f5 Bf6 22.
Bh6 Bg7 23. Be3 Bf6 24. Bh6 Bg7 25. Bxg7 Kxg7 26. Rbf1 Qh4 27. Qe3 Rf7 28. Rg1
g5 29. Bf3 Rf6 30. Kg2 Kf7 31. Bd1 Ke7 32. Rgf1 Raf8 33. Nb1 Nxf5 34. Rxf5 Rxf5
35. gxf5 Bxe4+ 36. Bf3 Bxf5 37. Rh1 Bxb1 38. Rxb1 Qxc4 39. Qxg5+ Rf6 40. Rf1
Qc2+ 41. Rf2 Qg6 42. Qxg6 Rxg6+ 43. Kf1 Ke6 44. Rd2 Rf6 45. Kg2 Rf4 46. Bd5+
Ke7 47. b3 b6 48. Bc4 h6 49. Rd3 Rf5 50. Bd5 Kf6 51. Bc4 Ke7 52. h4 Rf4 53. Kg3
Rd4 54. Rxd4 cxd4 55. Kf3 Kf6 56. Ke4 Kg6 57. Be2 Kf6 58. Bc4 Kg6 59. Be2 Kf6
60. Bg4 d3 61. Kxd3 d5 62. Ke3 Ke7 63. Bc8 Kd6 64. Bb7 Kc5 65. Ba8 d4+ 66. Kd3
Kb4 67. Bd5 b5 68. Bc6 bxa4 69. bxa4 Kb3 70. h5 Kb4 71. Bb5 Kb3 72. Ke4 Kc2 73.
Kxe5 d3 74. Kf6 d2 75. Be2 1-0

[Event "Tradewise Gibraltar Masters 14th"]
[Site "Gibraltar"]
[Date "2016.02.01"]
[Round "7.32"]
[White "Ganguly, Surya Shekhar"]
[Black "Docx, Stefan"]
[Result "1/2-1/2"]
[WhiteElo "2660"]
[BlackElo "2416"]
[PlyCount "164"]
[EventDate "2016.01.26"]
[EventType "swiss"]
[EventRounds "10"]
[EventCountry "GGB"]
[Source "www.saund.co.uk"]
[SourceDate "2005.02.07"]

1. e4 c5 2. Nf3 d6 3. d4 cxd4 4. Nxd4 Nf6 5. Nc3 a6 6. h3 e6 7. g4 Nfd7 8. g5
b5 9. a3 Bb7 10. h4 Nc6 11. Be3 Be7 12. Qd2 Nxd4 13. Qxd4 O-O 14. O-O-O Rc8 15.
f4 Qc7 16. Kb1 Nc5 17. Rh2 Rfd8 18. Re1 e5 19. Qd1 Nxe4 20. Nd5 Bxd5 21. Qxd5
Qc6 22. Qxc6 Rxc6 23. Bg2 exf4 24. Bxe4 d5 25. Bxh7+ Kxh7 26. Bxf4 Rc4 27. Rxe7
Rxf4 28. h5 Rf5 29. Rxf7 Rxf7 30. g6+ Kg8 31. gxf7+ Kxf7 32. Rf2+ Ke6 33. Rg2
Kf7 34. Rf2+ Ke6 35. Rg2 Kf7 36. Kc1 Re8 37. Rg5 Re1+ 38. Kd2 Rb1 39. Rf5+ Ke6
40. Rg5 Rh1 41. Rxg7 Rxh5 42. Rg6+ Ke5 43. Rxa6 d4 44. b3 Rh2+ 45. Kc1 d3 46.
Rc6 Rh1+ 47. Kd2 dxc2 48. Kxc2 Kd4 49. b4 Rh3 50. Kb2 Rg3 51. Rc2 Rh3 52. Rg2
Rh4 53. Rg3 Kc4 54. Rc3+ Kd4 55. Kb3 Rh1 56. Rg3 Rb1+ 57. Kc2 Rh1 58. Rg4+ Kd5
59. Rg5+ Kc6 60. Rc5+ Kb6 61. Rd5 Rh3 62. Rd6+ Kc7 63. Rd3 Rh4 64. Rg3 Kc6 65.
Kd3 Kb6 66. Rg6+ Kb7 67. Re6 Rh3+ 68. Kd4 Rxa3 69. Kc5 Rh3 70. Kxb5 Rh5+ 71.
Ka4 Rh4 72. Ka5 Rh5+ 73. b5 Rh7 74. Rb6+ Ka7 75. Rc6 Kb7 76. Rc5 Rg7 77. b6 Rg1
78. Rc7+ Kb8 79. Kb5 Rb1+ 80. Kc5 Rc1+ 81. Kd6 Rxc7 82. bxc7+ Kc8 1/2-1/2

[Event "Tradewise Gibraltar Masters 14th"]
[Site "Gibraltar"]
[Date "2016.02.01"]
[Round "7.33"]
[White "Salem, AR Saleh"]
[Black "Satyapragyan, Swayangsu"]
[Result "1-0"]
[WhiteElo "2627"]
[BlackElo "2410"]
[PlyCount "147"]
[EventDate "2016.01.26"]
[EventType "swiss"]
[EventRounds "10"]
[EventCountry "GGB"]
[Source "www.saund.co.uk"]
[SourceDate "2005.02.07"]

1. e4 e6 2. d4 d5 3. Nc3 Nf6 4. e5 Nfd7 5. f4 c5 6. Nf3 Nc6 7. Be3 Be7 8. Qd2
O-O 9. dxc5 Nxc5 10. O-O-O a6 11. Qf2 b6 12. Nd4 Bb7 13. Nxc6 Bxc6 14. Bd4 Qc7
15. Kb1 Rfd8 16. Bd3 Be8 17. f5 Bf8 18. f6 g6 19. h4 h6 20. Ne2 Rab8 21. Nf4
Ne4 22. Qe3 b5 23. Bxe4 dxe4 24. Rd2 b4 25. Rhd1 a5 26. Ne2 Rdc8 27. b3 Rb5 28.
Ng3 Bc6 29. Nxe4 Rxe5 30. Bxe5 Qxe5 31. Rd4 Bxe4 32. Rxe4 Qxf6 33. Qd4 Qf5 34.
g4 Qf3 35. Rf4 Qc6 36. Qe4 Qc3 37. Rf3 Qc5 38. Rdf1 Rc7 39. Rd1 Rc8 40. h5 g5
41. Qe2 Bg7 42. Rd7 Rf8 43. Rfd3 Bf6 44. Qe3 Qb5 45. R7d6 a4 46. Rb6 Qa5 47.
bxa4 Qxa4 48. Qe4 Rc8 49. Rf3 Rd8 50. Rd3 Rc8 51. Rf3 Rd8 52. Rf1 Qa3 53. Qxb4
Qf3 54. Rc1 Be5 55. a4 Rd4 56. Qb5 Rd5 57. Qb4 Rd4 58. Qb5 Rd5 59. Qc4 Qa3 60.
Qa2 Qc3 61. Rb3 Qc6 62. Rb4 Bf4 63. Rf1 Qd6 64. Qc4 Rc5 65. Qb3 Qd2 66. Rc4 Rd5
67. Qc3 Qxc3 68. Rxc3 Rd4 69. Rc8+ Kg7 70. c4 f5 71. gxf5 exf5 72. a5 Rd3 73.
a6 Ra3 74. Rc6 1-0

[Event "Tradewise Gibraltar Masters 14th"]
[Site "Gibraltar"]
[Date "2016.02.01"]
[Round "7.34"]
[White "Erdos, Viktor"]
[Black "Codenotti, Marco"]
[Result "1/2-1/2"]
[WhiteElo "2613"]
[BlackElo "2406"]
[PlyCount "155"]
[EventDate "2016.01.26"]
[EventType "swiss"]
[EventRounds "10"]
[EventCountry "GGB"]
[Source "www.saund.co.uk"]
[SourceDate "2005.02.07"]

1. d4 d5 2. c4 c6 3. e3 Nf6 4. Nc3 g6 5. Nf3 Bg7 6. Be2 O-O 7. O-O Bg4 8. cxd5
cxd5 9. Qb3 b6 10. h3 Bc8 11. Ne5 Bb7 12. Bd2 Nc6 13. Nxc6 Bxc6 14. Rfc1 Qd7
15. Ba6 e6 16. a4 Rfb8 17. Ne2 b5 18. a5 b4 19. Nf4 Bf8 20. Nd3 Bb5 21. Ne5 Qd6
22. Bxb5 Rxb5 23. Qa4 a6 24. Rc6 Qb8 25. b3 Ne4 26. Be1 Bd6 27. Nd3 Qb7 28.
Rac1 Rd8 29. R6c2 Rb8 30. g3 h5 31. Kg2 Kh7 32. Rc6 Rd8 33. Rb6 Rxb6 34. axb6
Qxb6 35. Rc6 Qb5 36. Qxa6 Qxa6 37. Rxa6 Rc8 38. Ra2 Nc3 39. Rc2 f6 40. Kf1 Rc7
41. Bxc3 bxc3 42. Nc1 Ba3 43. Na2 Bb2 44. Ke2 Rb7 45. b4 g5 46. Kd3 Kg6 47. Re2
Kf5 48. f3 g4 49. fxg4+ hxg4 50. Rf2+ Kg6 51. hxg4 Kg5 52. Kc2 Ra7 53. Nxc3
Bxc3 54. Kxc3 Ra3+ 55. Kb2 Rxe3 56. b5 Rxg3 57. b6 Rh3 58. Re2 f5 59. gxf5 exf5
60. b7 Rh8 61. Kc3 Rb8 62. Re7 Kf6 63. Rh7 f4 64. Kd3 Ke6 65. Ke2 Kd6 66. Kf3
Kc6 67. Kxf4 Rxb7 68. Rh6+ Kd7 69. Ke5 Rb5 70. Rh7+ Kc8 71. Kd6 Rb6+ 72. Kc5
Rg6 73. Rh5 Kd7 74. Rxd5+ Kc7 75. Rh5 Kd7 76. d5 Kd8 77. d6 Rg1 78. Rh8+
1/2-1/2

[Event "Tradewise Gibraltar Masters 14th"]
[Site "Gibraltar"]
[Date "2016.02.01"]
[Round "7.35"]
[White "Gaponenko, Inna"]
[Black "Cramling, Pia"]
[Result "1/2-1/2"]
[WhiteElo "2393"]
[BlackElo "2523"]
[Annotator "Rudd,Jack"]
[PlyCount "64"]
[EventDate "2016.01.26"]
[EventType "swiss"]
[EventRounds "10"]
[EventCountry "GGB"]
[Source "www.saund.co.uk"]
[SourceDate "2005.02.07"]

1. e4 c5 2. Nf3 e6 3. d4 cxd4 4. Nxd4 a6 5. Bd3 Bc5 6. Nb3 Be7 7. O-O d6 8. f4
Nd7 9. Qe2 Qc7 10. Nc3 Ngf6 11. Bd2 b6 12. g4 h6 13. Rae1 Bb7 14. g5 hxg5 15.
fxg5 Nh5 16. g6 Bf6 17. gxf7+ Ke7 18. Be3 Be5 19. Nd4 Ndf6 20. Qg2 Raf8 21.
Nce2 Rxf7 22. Nf3 b5 23. Nxe5 dxe5 24. a4 b4 25. Qf2 Kf8 26. Bb6 Qd7 27. Qc5+
Kg8 28. Qxb4 Rh6 29. a5 Rg6+ 30. Kh1 Rg4 31. Nc3 Qe7 32. Bc5 Qc7 {Scoresheet
illegible} 1/2-1/2

[Event "Tradewise Gibraltar Masters 14th"]
[Site "Gibraltar"]
[Date "2016.02.01"]
[Round "7.36"]
[White "Vishnu, Prasanna. V"]
[Black "Kohlweyer, Bernd"]
[Result "1-0"]
[WhiteElo "2518"]
[BlackElo "2404"]
[PlyCount "85"]
[EventDate "2016.01.26"]
[EventType "swiss"]
[EventRounds "10"]
[EventCountry "GGB"]
[Source "www.saund.co.uk"]
[SourceDate "2005.02.07"]

1. c4 e5 2. g3 c6 3. d4 e4 4. Nh3 d5 5. Nc3 Bb4 6. Qb3 a5 7. cxd5 cxd5 8. Bg2
Nc6 9. Nf4 Nf6 10. O-O Nxd4 11. Qa4+ b5 12. Qd1 Bxc3 13. bxc3 Ne6 14. a4 Ba6
15. axb5 Bxb5 16. Ba3 Qd7 17. Rb1 Bc6 18. Qd2 h5 19. h4 Qc7 20. c4 d4 21. Nxe6
fxe6 22. Qxd4 Rd8 23. Qc5 Rc8 24. Rb6 Kf7 25. Rfb1 Ba8 26. Qxa5 Qxc4 27. Bh3
Bd5 28. Rb7+ Kg6 29. Bxe6 e3 30. f3 Ra8 31. Bxd5 Nxd5 32. R1b6+ Kh7 33. Bb2
Qc1+ 34. Bxc1 Rxa5 35. Rc6 Re8 36. Rc2 Re6 37. Kg2 Rg6 38. Rb3 Ne7 39. Bxe3 Nf5
40. Bb6 Ra1 41. Bf2 Nxh4+ 42. Kh2 Nf5 43. Rb5 1-0

[Event "Tradewise Gibraltar Masters 14th"]
[Site "Gibraltar"]
[Date "2016.02.01"]
[Round "7.37"]
[White "Rydl, Jiri"]
[Black "Pichot, Alan"]
[Result "0-1"]
[WhiteElo "2412"]
[BlackElo "2517"]
[PlyCount "78"]
[EventDate "2016.01.26"]
[EventType "swiss"]
[EventRounds "10"]
[EventCountry "GGB"]
[Source "www.saund.co.uk"]
[SourceDate "2005.02.07"]

1. Nf3 Nf6 2. g3 g6 3. b3 Bg7 4. Bb2 d5 5. c4 c6 6. Bg2 O-O 7. O-O a5 8. d3 Qb6
9. Nbd2 Rd8 10. a3 d4 11. b4 c5 12. Qb1 Nfd7 13. e3 e5 14. exd4 exd4 15. Ng5
Ne5 16. bxc5 Qxc5 17. h3 a4 18. f4 Nec6 19. Bd5 Rxd5 20. cxd5 Qxd5 21. Qe1 Nd7
22. Nc4 b5 23. Qe8+ Bf8 24. Nd6 Nf6 25. Qxf7+ Qxf7 26. Ndxf7 Nd5 27. Ne5 Na5
28. g4 Nb3 29. Rae1 b4 30. f5 gxf5 31. gxf5 bxa3 32. Ba1 Ne3 33. Rf2 Ra5 34.
Ng4 Rxf5 35. Nxe3 Rxg5+ 36. Ng2 Bxh3 37. Kh2 Rxg2+ 38. Rxg2+ Bxg2 39. Kxg2 Bb4
0-1

[Event "Tradewise Gibraltar Masters 14th"]
[Site "Gibraltar"]
[Date "2016.02.01"]
[Round "7.39"]
[White "Sundararajan, Kidambi"]
[Black "Kuipers, Stefan"]
[Result "1/2-1/2"]
[WhiteElo "2508"]
[BlackElo "2399"]
[PlyCount "60"]
[EventDate "2016.01.26"]
[EventType "swiss"]
[EventRounds "10"]
[EventCountry "GGB"]
[Source "www.saund.co.uk"]
[SourceDate "2005.02.07"]

1. d4 d5 2. Nf3 Nf6 3. c4 c6 4. g3 Bg4 5. Ne5 Bf5 6. cxd5 cxd5 7. Nc3 e6 8. Qb3
Qb6 9. Qxb6 axb6 10. e3 Nfd7 11. g4 Bg6 12. Nxg6 hxg6 13. Bg2 Nc6 14. Ke2 g5
15. Bd2 Nf6 16. h3 Be7 17. Rhc1 Kd7 18. Be1 Rhc8 19. Bf1 Ne8 20. Nb5 Nb4 21.
Rxc8 Rxc8 22. Kd1 Nc2 23. Rc1 Nxe1 24. Rxc8 Kxc8 25. Kxe1 Nd6 26. Nxd6+ Bxd6
27. Bb5 Kd8 28. Ke2 Ke7 29. a3 Bh2 30. Bd3 Bd6 1/2-1/2

[Event "Tradewise Gibraltar Masters 14th"]
[Site "Gibraltar"]
[Date "2016.02.01"]
[Round "7.40"]
[White "Tan, Zhongyi"]
[Black "Christiansen, Johan-Sebastian"]
[Result "1-0"]
[WhiteElo "2504"]
[BlackElo "2374"]
[PlyCount "107"]
[EventDate "2016.01.26"]
[EventType "swiss"]
[EventRounds "10"]
[EventCountry "GGB"]
[Source "www.saund.co.uk"]
[SourceDate "2005.02.07"]

1. Nf3 d5 2. g3 Bg4 3. Bg2 Nd7 4. c4 e6 5. cxd5 exd5 6. O-O Ngf6 7. h3 Bxf3 8.
Bxf3 Bd6 9. d3 O-O 10. Nc3 c6 11. e4 dxe4 12. dxe4 Qc7 13. Bg2 Rad8 14. Qc2 Bc5
15. Kh2 Ne5 16. f4 Nd3 17. e5 Nb4 18. Qe2 Nfd5 19. Ne4 Be7 20. a3 Na6 21. b4
Qb6 22. f5 f6 23. exf6 Bxf6 24. Nxf6+ Nxf6 25. Be3 Qc7 26. Bxa7 Kh8 27. Rad1
Rde8 28. Qf2 Qf7 29. Bd4 Nc7 30. Rfe1 Ncd5 31. Rxe8 Rxe8 32. Re1 Ra8 33. Bb2
Rf8 34. g4 h6 35. Qd2 Rd8 36. Re6 Qf8 37. Qd4 Rd7 38. Qf2 Nc7 39. Re2 Ncd5 40.
Qg3 Qf7 41. h4 h5 42. g5 Ng4+ 43. Kg1 Nde3 44. f6 gxf6 45. Bf3 Qb3 46. gxf6 Nf5
47. f7+ Kh7 48. f8=Q Nxg3 49. Re7+ Rxe7 50. Qxe7+ Kg6 51. Qg7+ Kf5 52. Bxg4+
Kf4 53. Qg5+ Ke4 54. Qe5+ 1-0

[Event "Tradewise Gibraltar Masters 14th"]
[Site "Gibraltar"]
[Date "2016.02.01"]
[Round "7.41"]
[White "Anurag, Mhamal"]
[Black "Fodor, Tamas Jr"]
[Result "1-0"]
[WhiteElo "2387"]
[BlackElo "2500"]
[PlyCount "113"]
[EventDate "2016.01.26"]
[EventType "swiss"]
[EventRounds "10"]
[EventCountry "GGB"]
[Source "www.saund.co.uk"]
[SourceDate "2005.02.07"]

1. Nf3 d5 2. b3 Bf5 3. Bb2 e6 4. g3 Nf6 5. Bg2 h6 6. O-O Be7 7. d3 O-O 8. Nbd2
Nbd7 9. e3 Bh7 10. Qe2 a5 11. a3 c6 12. e4 Qb6 13. Rab1 Qa6 14. Rfc1 Rfd8 15.
Qe3 Qb6 16. Qe2 Rac8 17. h3 Qa6 18. Nh2 a4 19. b4 dxe4 20. Nxe4 Bxe4 21. Bxe4
Nxe4 22. Qxe4 Bf6 23. Nf3 Bxb2 24. Rxb2 Nf6 25. Qe2 b5 26. c4 Rd6 27. Rbc2 Re8
28. Qe3 Qb7 29. g4 Nd7 30. Nd2 Nf8 31. Ne4 Rdd8 32. c5 Qc7 33. Nd6 Re7 34. f4
Ng6 35. d4 f5 36. Rg2 Rxd6 37. cxd6 Qxd6 38. Rf1 Kf7 39. Qg3 Qxd4+ 40. Kh1 Qc4
41. Rff2 Qe4 42. gxf5 Qxf5 43. Rc2 Rd7 44. Rxc6 Rd1+ 45. Kh2 Rd3 46. Rc5 Qxf4
47. Rf2 Rxg3 48. Rxf4+ Nxf4 49. Kxg3 Ne2+ 50. Kf3 Nd4+ 51. Ke4 Nf5 52. Ke5 Ne3
53. Rxb5 Nc4+ 54. Kd4 Nxa3 55. Rc5 Nb1 56. Kd3 a3 57. Ra5 1-0

[Event "Tradewise Gibraltar Masters 14th"]
[Site "Gibraltar"]
[Date "2016.02.01"]
[Round "7.42"]
[White "Zhukova, Natalia"]
[Black "Paehtz, Thomas"]
[Result "1-0"]
[WhiteElo "2484"]
[BlackElo "2372"]
[PlyCount "69"]
[EventDate "2016.01.26"]
[EventType "swiss"]
[EventRounds "10"]
[EventCountry "GGB"]
[Source "www.saund.co.uk"]
[SourceDate "2005.02.07"]

1. c4 e5 2. Nc3 Nc6 3. Nf3 f5 4. g3 d6 5. d4 e4 6. d5 exf3 7. dxc6 bxc6 8. e3
g6 9. Qxf3 Ne7 10. h4 h6 11. b3 Bg7 12. Bb2 Be6 13. Bg2 Rb8 14. Na4 Bxb2 15.
Nxb2 O-O 16. O-O c5 17. Nd3 Bf7 18. Rad1 Qe8 19. Qf4 Kg7 20. Rfe1 Nc6 21. e4
Nd4 22. e5 Qd8 23. Qd2 g5 24. Qa5 Bh5 25. Rd2 f4 26. Qxa7 Rf7 27. e6 Re7 28.
Nxc5 Nf3+ 29. Bxf3 Bxf3 30. Na6 Rb6 31. Nxc7 Qxc7 32. Qxc7 Rxc7 33. e7 Rxe7 34.
Rxe7+ Kf6 35. Rh7 1-0

[Event "Tradewise Gibraltar Masters 14th"]
[Site "Gibraltar"]
[Date "2016.02.01"]
[Round "7.43"]
[White "Tarjan, James E"]
[Black "Wemmers, Xander"]
[Result "0-1"]
[WhiteElo "2478"]
[BlackElo "2352"]
[PlyCount "69"]
[EventDate "2016.01.26"]
[EventType "swiss"]
[EventRounds "10"]
[EventCountry "GGB"]
[Source "www.saund.co.uk"]
[SourceDate "2005.02.07"]

1. c4 e5 2. g3 Nf6 3. Bg2 c6 4. Nf3 e4 5. Nd4 d5 6. cxd5 Qxd5 7. Nc2 Qh5 8. h3
Qg6 9. Nc3 Bd6 10. Ne3 O-O 11. Qc2 Re8 12. b3 a5 13. Bb2 Na6 14. Rc1 Bd7 15.
Na4 Nb4 16. Qb1 Nbd5 17. Nc5 Bc8 18. Bd4 Rb8 19. Nxd5 cxd5 20. Qb2 Nh5 21. Rg1
f5 22. e3 Nf6 23. Bf1 Rf8 24. Bb5 b6 25. Na6 Rb7 26. b4 f4 27. g4 fxe3 28. dxe3
Rbf7 29. a4 Bxa6 30. Bxa6 Bxb4+ 31. Kd1 Nd7 32. Qb3 Qd6 33. Rf1 Nc5 34. Bxc5
bxc5 35. Bb5 0-1

[Event "Tradewise Gibraltar Masters 14th"]
[Site "Gibraltar"]
[Date "2016.02.01"]
[Round "7.44"]
[White "Galinsky, Timofey"]
[Black "Lei, Tingjie"]
[Result "0-1"]
[WhiteElo "2379"]
[BlackElo "2474"]
[PlyCount "84"]
[EventDate "2016.01.26"]
[EventType "swiss"]
[EventRounds "10"]
[EventCountry "GGB"]
[Source "www.saund.co.uk"]
[SourceDate "2005.02.07"]

1. d4 Nf6 2. Nf3 g6 3. Bg5 Bg7 4. e3 c5 5. c3 O-O 6. Nbd2 cxd4 7. exd4 Nc6 8.
Bd3 d6 9. O-O h6 10. Bh4 Qc7 11. Re1 e5 12. Nc4 Nh5 13. d5 Nb8 14. Nfd2 f5 15.
Bf1 Rf7 16. f3 Nd7 17. Bf2 Nhf6 18. Na3 a6 19. c4 b6 20. Nc2 Bb7 21. a4 a5 22.
Nb1 Nc5 23. Nba3 Qd7 24. Nb5 g5 25. b4 axb4 26. Nxb4 g4 27. a5 gxf3 28. gxf3 e4
29. axb6 Rxa1 30. Qxa1 Nxd5 31. Qa5 Nxb4 32. Qxb4 Be5 33. Nc7 Rg7+ 34. Kh1 exf3
35. Qd2 Ne4 36. Rxe4 fxe4 37. c5 Kh7 38. cxd6 Qxd6 39. Qxd6 Bxd6 40. Ne8 e3 41.
Bd3+ Kh8 42. Nxd6 exf2 0-1

[Event "Tradewise Gibraltar Masters 14th"]
[Site "Gibraltar"]
[Date "2016.02.01"]
[Round "7.45"]
[White "Siva, Mahadevan"]
[Black "Xu, Xiangyu"]
[Result "1-0"]
[WhiteElo "2370"]
[BlackElo "2466"]
[PlyCount "97"]
[EventDate "2016.01.26"]
[EventType "swiss"]
[EventRounds "10"]
[EventCountry "GGB"]
[Source "www.saund.co.uk"]
[SourceDate "2005.02.07"]

1. e4 c5 2. Nf3 Nc6 3. d4 cxd4 4. Nxd4 Nf6 5. Nc3 d6 6. Bc4 Bd7 7. O-O g6 8.
Nxc6 Bxc6 9. Bg5 Bg7 10. Nd5 O-O 11. Bxf6 exf6 12. c3 Re8 13. Qd3 Qd7 14. Rad1
Rad8 15. Rfe1 Re6 16. f3 Re5 17. Ne3 h5 18. Bd5 Bxd5 19. Nxd5 Rde8 20. f4 R5e6
21. Kf1 f5 22. exf5 gxf5 23. b3 Re4 24. Rxe4 Rxe4 25. Re1 Qe6 26. Rxe4 fxe4 27.
Qd2 h4 28. c4 b6 29. h3 Kf8 30. a4 Qg6 31. Qe1 Bf6 32. Qe2 Bd4 33. Qg4 Qh7 34.
Ke2 a5 35. f5 Qh6 36. Qxe4 Be5 37. Nxb6 Qc1 38. Nd7+ Ke7 39. Nxe5 Qb2+ 40. Kf3
dxe5 41. Kg4 Kf6 42. Kxh4 Qxb3 43. g4 Qxa4 44. g5+ Kg7 45. Qxe5+ Kh7 46. g6+
fxg6 47. Qe7+ Kg8 48. Qe6+ Kh8 49. fxg6 1-0

[Event "Tradewise Gibraltar Masters 14th"]
[Site "Gibraltar"]
[Date "2016.02.01"]
[Round "7.46"]
[White "Quillan, Gary"]
[Black "Carlstedt, Jonathan"]
[Result "1/2-1/2"]
[WhiteElo "2369"]
[BlackElo "2461"]
[PlyCount "77"]
[EventDate "2016.01.26"]
[EventType "swiss"]
[EventRounds "10"]
[EventCountry "GGB"]
[Source "www.saund.co.uk"]
[SourceDate "2005.02.07"]

1. e4 e5 2. Nf3 Nc6 3. Bb5 a6 4. Ba4 Nf6 5. O-O Bc5 6. c3 b5 7. Bc2 d5 8. exd5
Qxd5 9. d4 exd4 10. Re1+ Be7 11. cxd4 O-O 12. Nc3 Qd8 13. d5 Nb4 14. Bb3 Bb7
15. Bg5 c5 16. a3 c4 17. Bxc4 bxc4 18. axb4 Bxb4 19. Qd4 Rc8 20. Ne4 Qxd5 21.
Bxf6 Bxe1 22. Rxe1 Rce8 23. Nd6 Rxe1+ 24. Nxe1 gxf6 25. Qxf6 Bc8 26. Nxc4 Qf5
27. Qe7 Bd7 28. Ne3 Qe6 29. Qg5+ Qg6 30. Qe7 Bb5 31. h3 Re8 32. Qc5 Bc6 33.
N1c2 Bb7 34. h4 Rc8 35. Qe7 Rxc2 36. Qd8+ Kg7 37. Qd4+ Kf8 38. Qd8+ Kg7 39.
Qd4+ 1/2-1/2

[Event "Tradewise Gibraltar Masters 14th"]
[Site "Gibraltar"]
[Date "2016.02.01"]
[Round "7.47"]
[White "Prasanna, Raghuram Rao"]
[Black "Mohota, Nisha"]
[Result "1-0"]
[WhiteElo "2460"]
[BlackElo "2245"]
[PlyCount "75"]
[EventDate "2016.01.26"]
[EventType "swiss"]
[EventRounds "10"]
[EventCountry "GGB"]
[Source "www.saund.co.uk"]
[SourceDate "2005.02.07"]

1. d4 Nf6 2. c4 e6 3. Nc3 Bb4 4. Nf3 d5 5. Bg5 Nbd7 6. cxd5 exd5 7. e3 c6 8.
Bd3 O-O 9. O-O Re8 10. Qc2 h6 11. Bh4 Bd6 12. a3 Nf8 13. Bg3 Bxg3 14. hxg3 Qe7
15. b4 a6 16. Rab1 Be6 17. Na4 N8d7 18. Nc5 Reb8 19. Rfc1 Bg4 20. a4 h5 21.
Nxd7 Nxd7 22. b5 axb5 23. axb5 Rc8 24. Bf5 Bxf5 25. Qxf5 g6 26. Qf4 cxb5 27.
Rc7 Rxc7 28. Qxc7 Qe6 29. Qxb7 Ra2 30. Qxb5 Nf6 31. Qb3 Qa6 32. Ne5 Qe2 33. Rf1
Rb2 34. Qa4 Rb8 35. Qc6 Kg7 36. Nxf7 Ne4 37. Ne5 Kf8 38. Nd7+ 1-0